[Event "Tres Cantos op 11th"]
[Site "Tres Cantos"]
[Date "2019.06.29"]
[Round "8"]
[White "Tevar Sanz, Gonzalo"]
[Black "Pindado del Carmen, Eliseo"]
[Result "1-0"]
[WhiteElo "1753"]
[BlackElo "1526"]
[PlyCount "61"]
[EventDate "2019.06.22"]
[EventType "swiss"]
[EventRounds "9"]
[EventCountry "ESP"]
[SourceTitle "CBM 195 Extra"]
[Source "ChessBase"]
[SourceDate "2020.05.31"]
[SourceVersion "1"]
[SourceVersionDate "2020.05.31"]
[SourceQuality "1"]

1. d4 d5 2. Bf4 e6 3. e3 f5 4. Nf3 Nf6 5. Be2 Bd6 6. c4 c6 7. 0-0 0-0 8. Nc3 Bxf4 9. exf4 Ne4 10. Re1 Nd7 11. Bf1 Ndf6 12. Ne5 Nxc3 13. bxc3 Qa5 14. Qc2 Re8 15. c5 Nd7 16. Bd3 Nxe5 17. Rxe5 Bd7 18. Rae1 Re7 19. Bxf5 g6 20. Bxe6+ Bxe6 21. Rxe6 Rxe6 22. Rxe6 Rf8 23. g3 Rf7 24. Re3 b6 25. cxb6 axb6 26. Qe2 Qa7 27. Re8+ Kg7 28. Qe5+ Kh6 29. g4 Qxa2 30. Kg2 Qd2 31. Kg3 1-0

[Event "Tres Cantos op 11th"]
[Site "Tres Cantos"]
[Date "2019.06.28"]
[Round "7"]
[White "Sebastian Enesco, Alex"]
[Black "Tevar Sanz, Gonzalo"]
[Result "1-0"]
[WhiteElo "1808"]
[BlackElo "1753"]
[PlyCount "63"]
[EventDate "2019.06.22"]
[EventType "swiss"]
[EventRounds "9"]
[EventCountry "ESP"]
[SourceTitle "CBM 195 Extra"]
[Source "ChessBase"]
[SourceDate "2020.05.31"]
[SourceVersion "1"]
[SourceVersionDate "2020.05.31"]
[SourceQuality "1"]

1. e4 e6 2. Nf3 d5 3. e5 c5 4. b4 cxb4 5. a3 Nc6 6. axb4 Bxb4 7. c3 Bf8 8. d4 Bd7 9. Bd3 Nge7 10. 0-0 Ng6 11. g3 Be7 12. h4 Nxh4 13. gxh4 Bxh4 14. Nxh4 Qxh4 15. Kg2 Qe7 16. Na3 Nd8 17. c4 dxc4 18. Nxc4 Bc6+ 19. Kg3 h5 20. Nd6+ Kd7 21. f4 f5 22. Ba3 g5 23. Ne4 gxf4+ 24. Kh3 Qg7 25. Nf6+ Kc8 26. Rg1 Qh6 27. d5 Bxd5 28. Nxd5 Nc6 29. Ne7+ Nxe7 30. Bxe7 Kd7 31. Bg5 Rh7 32. Bxf5+ 1-0

[Event "Tres Cantos op 11th"]
[Site "Tres Cantos"]
[Date "2019.06.23"]
[Round "2"]
[White "Marin Aso, Jose Luis"]
[Black "Tevar Sanz, Gonzalo"]
[Result "1-0"]
[WhiteElo "1906"]
[BlackElo "1753"]
[PlyCount "79"]
[EventDate "2019.06.22"]
[EventType "swiss"]
[EventRounds "9"]
[EventCountry "ESP"]
[SourceTitle "CBM 195 Extra"]
[Source "ChessBase"]
[SourceDate "2020.05.31"]
[SourceVersion "1"]
[SourceVersionDate "2020.05.31"]
[SourceQuality "1"]

1. c4 Nf6 2. Nc3 c5 3. g3 Nc6 4. Bg2 g6 5. Rb1 Bg7 6. a3 Rb8 7. b4 cxb4 8. axb4 d6 9. Nf3 Ng4 10. 0-0 Nce5 11. Nxe5 Nxe5 12. Qb3 Be6 13. Nd5 0-0 14. b5 Bf5 15. d3 Re8 16. Be3 b6 17. Nb4 Rc8 18. Qa2 Rc7 19. Rb3 e6 20. Ra3 Ree7 21. Bg5 f6 22. Bd2 g5 23. Bc3 Bf8 24. Bxe5 fxe5 25. Nc6 Rxc6 26. Bxc6 d5 27. cxd5 Bh3 28. Ra1 Rf7 29. dxe6 Re7 30. Rxa7 Bxe6 31. Qd2 Rxa7 32. Rxa7 Bc5 33. Ra8 Bc8 34. Bb7 Qf6 35. Rxc8+ Kg7 36. Rxc5 bxc5 37. Qe3 Qe7 38. Bc6 h6 39. b6 Qd6 40. b7 1-0

[Event "Collado Villalba op-B 35th"]
[Site "Collado Villalba"]
[Date "2018.08.31"]
[Round "8"]
[White "Mejias Gonzalez, Pedro"]
[Black "Tevar Sanz, Gonzalo"]
[Result "0-1"]
[WhiteElo "1593"]
[BlackElo "1757"]
[PlyCount "114"]
[EventDate "2018.08.24"]
[EventType "swiss"]
[EventRounds "9"]
[EventCountry "ESP"]
[SourceTitle "CBM 186 Extra"]
[Source "ChessBase"]
[SourceDate "2018.08.24"]
[SourceVersion "1"]
[SourceVersionDate "2018.08.24"]
[SourceQuality "1"]

1. e4 d6 2. d3 e5 3. Nf3 Nf6 4. Bg5 Be7 5. h3 c5 6. c4 Qb6 7. b3 Nc6 8. Nc3 Nd4 9. Bd2 Bd7 10. Nxd4 exd4 11. Nd5 Nxd5 12. exd5 a5 13. a4 0-0 14. Be2 Rfe8 15. 0-0 Bf6 16. Bg4 Bxg4 17. hxg4 h6 18. Qc2 Qc7 19. Rfe1 Qd7 20. f3 b6 21. Rxe8+ Rxe8 22. Re1 Rxe1+ 23. Bxe1 Qe7 24. Kf1 Be5 25. Qe2 Qf6 26. g3 g5 27. Qe4 Kg7 28. Kg2 Qd8 29. Bd2 Kg8 30. f4 gxf4 31. gxf4 Bf6 32. Qf5 Qe7 33. Kf3 Bh4 34. Qe4 Qd7 35. f5 Bg5 36. Bxg5 hxg5 37. f6 Qc8 38. Qe7 Qb8 39. Qd7 Qf8 40. Ke4 Kh7 41. Qe7 Qg8 42. Kf3 Kg6 43. Qxd6 Qh8 44. Qe5 Qh3+ 45. Qg3 Qf1+ 46. Qf2 Qxd3+ 47. Kg2 Qe4+ 48. Qf3 Qxf3+ 49. Kxf3 Kxf6 50. Ke4 Ke7 51. Kd3 Kd6 52. Ke4 f6 53. Kd3 Ke5 54. Ke2 f5 55. Kf3 fxg4+ 56. Kxg4 d3 57. Kf3 g4+ 0-1

[Event "Collado Villalba op-B 35th"]
[Site "Collado Villalba"]
[Date "2018.08.29"]
[Round "6"]
[White "Karunanithi, Bharath"]
[Black "Tevar Sanz, Gonzalo"]
[Result "0-1"]
[WhiteElo "1603"]
[BlackElo "1757"]
[PlyCount "96"]
[EventDate "2018.08.24"]
[EventType "swiss"]
[EventRounds "9"]
[EventCountry "ESP"]
[SourceTitle "CBM 186 Extra"]
[Source "ChessBase"]
[SourceDate "2018.08.24"]
[SourceVersion "1"]
[SourceVersionDate "2018.08.24"]
[SourceQuality "1"]

1. e4 d6 2. d4 Nf6 3. Nc3 Nbd7 4. Nf3 e5 5. dxe5 dxe5 6. Be3 Bb4 7. Bd3 Bxc3+ 8. bxc3 0-0 9. 0-0 Qe7 10. Qe2 Re8 11. h3 Nc5 12. Bd2 Bd7 13. Rab1 Bc6 14. Bg5 h6 15. Bxf6 Qxf6 16. Bb5 Nxe4 17. Qe3 a6 18. Bc4 Nd6 19. Be2 Rad8 20. Rfd1 Qg6 21. Qc1 Re6 22. Rb4 f5 23. Kh2 Rde8 24. Rh4 Kh8 25. Ng5 f4 26. Nf3 Qf6 27. Rg4 Bxf3 28. gxf3 h5 29. Rg2 Nf7 30. Rdg1 g5 31. Bc4 Rc6 32. Bxf7 Qxf7 33. Qb2 g4 34. fxg4 f3 35. Rg3 h4 36. Qxb7 Rxc3 37. Qxa6 Qf4 38. g5 Qf8 39. Rg4 Qg7 40. Rxh4+ Kg8 41. g6 Rxc2 42. Kg3 e4 43. Qa4 Qe5+ 44. Rf4 Rc5 45. Qb3+ Rd5 46. Qb4 Rd6 47. Qc4+ Rde6 48. Qb4 Rxg6+ 0-1

[Event "Collado Villalba op-B 35th"]
[Site "Collado Villalba"]
[Date "2018.08.27"]
[Round "4"]
[White "Tevar Sanz, Gonzalo"]
[Black "Suarez Paz, Alfonso"]
[Result "1/2-1/2"]
[WhiteElo "1757"]
[BlackElo "1842"]
[PlyCount "63"]
[EventDate "2018.08.24"]
[EventType "swiss"]
[EventRounds "9"]
[EventCountry "ESP"]
[SourceTitle "CBM 186 Extra"]
[Source "ChessBase"]
[SourceDate "2018.08.24"]
[SourceVersion "1"]
[SourceVersionDate "2018.08.24"]
[SourceQuality "1"]

1. d4 Nf6 2. Bf4 d6 3. e3 g6 4. Nf3 Bg7 5. Be2 0-0 6. 0-0 Nbd7 7. c4 Nh5 8. Bg5 c5 9. Nc3 a6 10. Rc1 b6 11. Nd5 Nhf6 12. Nc3 Re8 13. Qd2 Nf8 14. d5 h6 15. Bh4 N8h7 16. h3 Bd7 17. Bd3 Rf8 18. e4 Nh5 19. g4 N5f6 20. Rfe1 Qc8 21. Nh2 e5 22. f3 h5 23. Qg2 Kh8 24. Bf1 g5 25. Bf2 h4 26. Be3 Ng8 27. Bd3 f6 28. Nf1 Ne7 29. Bd2 Qc7 30. Ne3 Rfb8 31. b3 Nf8 32. Ne2 1/2-1/2

[Event "Tres Cantos op 10th"]
[Site "Tres Cantos"]
[Date "2018.06.29"]
[Round "9.18"]
[White "Tevar Sanz, Gonzalo"]
[Black "Morona Minguez, Miguel"]
[Result "0-1"]
[WhiteElo "1701"]
[BlackElo "2013"]
[PlyCount "56"]
[EventDate "2018.06.21"]
[EventType "swiss"]
[EventRounds "9"]
[EventCountry "ESP"]
[SourceTitle "EXT 2024"]
[Source "ChessBase"]
[SourceDate "2023.10.10"]
[SourceVersion "1"]
[SourceVersionDate "2023.10.10"]
[SourceQuality "1"]

1. d4 Nf6 2. Bf4 g6 3. e3 Bg7 4. Nf3 0-0 5. Be2 d6 6. h3 Nfd7 7. 0-0 e5 8. Bg5 Qe8 9. c4 Nc6 10. Nc3 h6 11. Nd5 hxg5 12. Nxc7 Qe7 13. Nxa8 e4 14. Nd2 Nf6 15. d5 Ne5 16. Qa4 g4 17. hxg4 Bxg4 18. Bxg4 Nfxg4 19. f3 exf3 20. Nxf3 Nxe3 21. Qxa7 Nxf3+ 22. Rxf3 Nc2 23. Rd1 Qe2 24. Rfd3 Bh6 25. Nc7 Be3+ 26. Rxe3 Nxe3 27. Qxe3 Qxe3+ 28. Kh1 Kg7 0-1

[Event "Tres Cantos op 10th"]
[Site "Tres Cantos"]
[Date "2018.06.26"]
[Round "6.34"]
[White "Limache Toledo, Piero Jose Carlos"]
[Black "Tevar Sanz, Gonzalo"]
[Result "0-1"]
[WhiteElo "1487"]
[BlackElo "1701"]
[PlyCount "60"]
[EventDate "2018.06.21"]
[EventType "swiss"]
[EventRounds "9"]
[EventCountry "ESP"]
[SourceTitle "EXT 2024"]
[Source "ChessBase"]
[SourceDate "2023.10.10"]
[SourceVersion "1"]
[SourceVersionDate "2023.10.10"]
[SourceQuality "1"]

1. c4 Nf6 2. g3 e5 3. Bg2 Bc5 4. d3 0-0 5. Nc3 a6 6. Bg5 Bxf2+ 7. Kd2 Ba7 8. Nd5 Ne4+ 9. Bxe4 Qxg5+ 10. Kc2 Qd8 11. Bg2 c6 12. Nc3 b5 13. cxb5 axb5 14. Nxb5 Be3 15. Nc3 d5 16. Nf3 f6 17. Nd2 Be6 18. b3 Na6 19. a3 Nc5 20. b4 Na4 21. Nb3 Qe7 22. Rf1 Nxc3 23. Kxc3 c5 24. b5 c4 25. dxc4 Rxa3 26. Bxd5 Bd4+ 27. Kc2 Bxa1 28. Nxa1 Ra2+ 29. Kb1 Qa3 30. Nc2 Qb2# 0-1

[Event "Madrid Tajamar Easter op-A"]
[Site "Madrid"]
[Date "2018.03.24"]
[Round "4"]
[White "Tevar Sanz, Gonzalo"]
[Black "Tudela Garcia, Antonio"]
[Result "1-0"]
[WhiteElo "1699"]
[BlackElo "1570"]
[PlyCount "107"]
[EventDate "2018.03.22"]
[EventType "swiss"]
[EventRounds "7"]
[EventCountry "ESP"]
[SourceTitle "EXT 2019"]
[Source "ChessBase"]
[SourceDate "2018.10.10"]
[SourceVersion "1"]
[SourceVersionDate "2018.10.10"]
[SourceQuality "1"]

1. d4 Nf6 2. Bf4 e6 3. e3 c5 4. c3 cxd4 5. exd4 Qb6 6. Qc2 Nd5 7. Bg3 Nc6 8. Nd2 f5 9. Nc4 Qd8 10. Be2 Nf6 11. Nf3 d5 12. Nce5 Ne4 13. Nxc6 bxc6 14. Ne5 Qf6 15. Qa4 Bd7 16. Qa6 Qd8 17. Nxc6 Bxc6 18. Qxc6+ Kf7 19. Be5 Nf6 20. 0-0 Be7 21. Ba6 Qb6 22. Qxb6 axb6 23. Bb5 Rhc8 24. Rfe1 Ra7 25. f3 Nd7 26. Bg3 Nf8 27. a4 g5 28. f4 gxf4 29. Bxf4 Ng6 30. Bg3 h5 31. h3 Rg8 32. Be2 h4 33. Bh2 Bg5 34. Bh5 Ke7 35. Bf3 Bf4 36. Bxd5 Bxh2+ 37. Kxh2 Nf4 38. Bf3 Kf6 39. b3 Rag7 40. Ra2 Nd3 41. Re3 Nf4 42. b4 Rg3 43. a5 bxa5 44. bxa5 Nd5 45. Rd3 R3g7 46. Bxd5 exd5 47. Re3 Re7 48. Rxe7 Kxe7 49. a6 Kd6 50. a7 Ra8 51. g3 hxg3+ 52. Kxg3 Ke6 53. Ra6+ Ke7 54. Kf4 1-0

[Event "Collado Villalba op-A 34th"]
[Site "Collado Villalba"]
[Date "2017.08.27"]
[Round "6"]
[White "Cardena Contreras, Javier"]
[Black "Tevar Sanz, Gonzalo"]
[Result "1-0"]
[WhiteElo "1925"]
[BlackElo "1749"]
[PlyCount "85"]
[EventDate "2017.08.22"]
[EventType "swiss"]
[EventRounds "9"]
[EventCountry "ESP"]
[SourceTitle "CBM 180 Extra"]
[Source "ChessBase"]
[SourceDate "2017.10.06"]
[SourceVersion "1"]
[SourceVersionDate "2017.10.06"]
[SourceQuality "1"]

1. e4 d6 2. d4 Nf6 3. Nc3 Nbd7 4. Nf3 e5 5. Bc4 Be7 6. 0-0 0-0 7. a4 c6 8. Bb3 Qc7 9. d5 c5 10. Qe2 a6 11. Bg5 Qd8 12. Nd2 Nxd5 13. Nxd5 Bxg5 14. Nf3 Bh6 15. Rfd1 Nf6 16. Qd3 Ne8 17. a5 Bg4 18. h3 Bxf3 19. Qxf3 Qg5 20. Ba4 f5 21. exf5 g6 22. Nb6 Rxf5 23. Qd5+ Kh8 24. Nxa8 Qf4 25. Bxe8 Qxf2+ 26. Kh1 Bf4 27. Qf3 Qxc2 28. Bd7 Rg5 29. Ba4 Qxb2 30. Rab1 Qa2 31. Bb3 Qa3 32. Rxd6 c4 33. Rd8+ Kg7 34. Bxc4 Qxa5 35. Rd7+ Kh6 36. Qxb7 Rg3 37. Rxh7+ Kg5 38. Qe7+ Kf5 39. Qe6+ Ke4 40. Qc6+ Kf5 41. Be6+ Kf6 42. Bg4+ Kg5 43. h4+ 1-0

[Event "Collado Villalba op-A 34th"]
[Site "Collado Villalba"]
[Date "2017.08.24"]
[Round "3"]
[White "Zhou, Lulu"]
[Black "Tevar Sanz, Gonzalo"]
[Result "1-0"]
[WhiteElo "1928"]
[BlackElo "1749"]
[PlyCount "41"]
[EventDate "2017.08.22"]
[EventType "swiss"]
[EventRounds "9"]
[EventCountry "ESP"]
[SourceTitle "CBM 180 Extra"]
[Source "ChessBase"]
[SourceDate "2017.10.06"]
[SourceVersion "1"]
[SourceVersionDate "2017.10.06"]
[SourceQuality "1"]

1. e4 d6 2. d4 Nf6 3. Nc3 Nbd7 4. f4 e5 5. dxe5 dxe5 6. fxe5 Nxe5 7. Qxd8+ Kxd8 8. Nf3 Bd6 9. Nb5 Nxe4 10. Nxd6 Nxf3+ 11. gxf3 Nxd6 12. Rg1 Bf5 13. Rxg7 Bg6 14. Bg5+ Ke8 15. Bf6 Kf8 16. Rxg6 fxg6 17. Bxh8 Kf7 18. Bc3 Re8+ 19. Kf2 Nf5 20. Re1 Rf8 21. Bc4# 1-0

[Event "Collado Villalba op-A 34th"]
[Site "Collado Villalba"]
[Date "2017.08.23"]
[Round "2"]
[White "Tevar Sanz, Gonzalo"]
[Black "Garcia Galeote, Lorenzo"]
[Result "0-1"]
[WhiteElo "1749"]
[BlackElo "1985"]
[PlyCount "88"]
[EventDate "2017.08.22"]
[EventType "swiss"]
[EventRounds "9"]
[EventCountry "ESP"]
[SourceTitle "CBM 180 Extra"]
[Source "ChessBase"]
[SourceDate "2017.10.06"]
[SourceVersion "1"]
[SourceVersionDate "2017.10.06"]
[SourceQuality "1"]

1. d4 b6 2. e4 Bb7 3. Bd3 Nf6 4. Nc3 e6 5. Nf3 Bb4 6. Qe2 d5 7. e5 Ne4 8. Bd2 Nxd2 9. Nxd2 a5 10. Qg4 g6 11. 0-0 Ba6 12. Bxa6 Nxa6 13. f4 c5 14. a3 cxd4 15. axb4 dxc3 16. bxc3 axb4 17. cxb4 0-0 18. f5 exf5 19. Rxf5 Nxb4 20. Rxa8 Qxa8 21. Rf6 Nxc2 22. e6 Qa1+ 23. Rf1 Qd4+ 24. Qxd4 Nxd4 25. e7 Re8 26. Rf6 Rxe7 27. Kf1 Re6 28. Rf4 Nc2 29. Ra4 b5 30. Ra2 Ne3+ 31. Kf2 Nc4 32. Nf3 Rb6 33. Ra8+ Kg7 34. Rd8 b4 35. Nd4 b3 36. Nxb3 Rxb3 37. Rxd5 Rb2+ 38. Kg3 Rxg2+ 39. Kh3 Re2 40. Rc5 Ne5 41. Ra5 h5 42. Ra6 Ng4 43. Kg3 Rxh2 44. Rb6 Rc2 0-1

[Event "Tres Cantos op 9th"]
[Site "Tres Cantos"]
[Date "2017.06.26"]
[Round "5"]
[White "Tevar Sanz, Gonzalo"]
[Black "Garcia Lafuente, Luis"]
[Result "1-0"]
[WhiteElo "1750"]
[BlackElo "1535"]
[PlyCount "101"]
[EventDate "2017.06.22"]
[EventType "swiss"]
[EventRounds "9"]
[EventCountry "ESP"]
[SourceTitle "EXT 2019"]
[Source "ChessBase"]
[SourceDate "2018.10.10"]
[SourceVersion "1"]
[SourceVersionDate "2018.10.10"]
[SourceQuality "1"]

1. d4 Nf6 2. Bf4 d6 3. Nf3 g6 4. e3 Bg7 5. Be2 0-0 6. 0-0 b6 7. h3 Ba6 8. c4 c5 9. Nc3 Nbd7 10. d5 Nh5 11. Bh2 f5 12. Ng5 Qe8 13. Ne6 Rc8 14. Nxf8 Kxf8 15. Qa4 Bb7 16. Bxh5 gxh5 17. e4 Bxc3 18. bxc3 fxe4 19. Rfe1 Nf6 20. Qxa7 Bxd5 21. cxd5 Nxd5 22. Qa3 Qg6 23. c4 Nb4 24. Qc3 Kf7 25. a3 Nd3 26. Re3 h4 27. Rd1 Rg8 28. g3 Qf5 29. Rdxd3 exd3 30. Qxd3 Qxd3 31. Rxd3 hxg3 32. Bxg3 Ke6 33. Rb3 Ra8 34. Kg2 Ra4 35. Re3+ Kd7 36. Rc3 e5 37. Kf3 Kc6 38. Ke3 d5 39. cxd5+ Kxd5 40. Rb3 b5 41. Rxb5 Rxa3+ 42. Kd2 Kd4 43. Rb7 Ra2+ 44. Ke1 h5 45. Rh7 c4 46. Rxh5 e4 47. Rh8 c3 48. Rd8+ Kc4 49. h4 Ra1+ 50. Ke2 Ra2+ 51. Kd1 1-0

[Event "Madrid Oliver Gonzalez Memorial-B 4th"]
[Site "Madrid"]
[Date "2015.10.12"]
[Round "3"]
[White "Tevar Sanz, Gonzalo"]
[Black "Fernandez Aransay, Fernando"]
[Result "1-0"]
[WhiteElo "1704"]
[BlackElo "1833"]
[PlyCount "73"]
[EventDate "2015.10.10"]
[EventType "swiss"]
[EventRounds "9"]
[EventCountry "ESP"]
[SourceTitle "EXT 2019"]
[Source "ChessBase"]
[SourceDate "2018.10.10"]
[SourceVersion "1"]
[SourceVersionDate "2018.10.10"]
[SourceQuality "1"]

1. d4 d5 2. Bf4 Nf6 3. e3 c5 4. c3 Nc6 5. Nd2 Qb6 6. Qb3 c4 7. Qc2 Bg4 8. Ngf3 e6 9. h3 Bf5 10. Qc1 h6 11. b3 cxb3 12. axb3 Be7 13. Be2 0-0 14. 0-0 Rfc8 15. Qb2 Qd8 16. Ra2 Bd6 17. Bxd6 Qxd6 18. Rfa1 Qc7 19. c4 b6 20. Ra4 Qe7 21. Qa3 Qxa3 22. R1xa3 Rc7 23. c5 bxc5 24. dxc5 Rb8 25. Nd4 Nxd4 26. exd4 Ne4 27. Nxe4 Bxe4 28. Rxa7 Rxa7 29. Rxa7 Rxb3 30. c6 Rc3 31. c7 Kh7 32. Ba6 e5 33. c8Q Rxc8 34. Bxc8 exd4 35. Ra2 h5 36. Rd2 d3 37. Ba6 1-0

[Event "Madrid San Viator op 23rd"]
[Site "Madrid"]
[Date "2014.09.28"]
[Round "1"]
[White "Tevar Sanz, Gonzalo"]
[Black "Ruiz, Cesar"]
[Result "1-0"]
[WhiteElo "1773"]
[BlackElo "1657"]
[PlyCount "71"]
[EventDate "2014.09.28"]
[EventType "swiss"]
[EventRounds "9"]
[EventCountry "ESP"]
[SourceTitle "EXT 2016"]
[Source "ChessBase"]
[SourceDate "2015.10.08"]
[SourceVersion "1"]
[SourceVersionDate "2015.10.08"]
[SourceQuality "1"]

1. d4 Nf6 2. Bf4 e6 3. e3 d5 4. Nf3 c5 5. c3 Bd6 6. Bg3 Nc6 7. Nbd2 b6 8. Bb5 Bb7 9. Qa4 Qc7 10. Bxd6 Qxd6 11. Ne5 Rc8 12. Qxa7 0-0 13. Qxb7 Nxe5 14. dxe5 Qxe5 15. Qxb6 Rb8 16. Qxc5 Rfc8 17. Qb4 d4 18. a4 dxe3 19. Nf3 exf2+ 20. Kf1 Qf5 21. Qd4 Rxb5 22. axb5 Qxb5+ 23. c4 Qf5 24. Rd1 g5 25. Qe5 Qc2 26. Qxg5+ Kf8 27. Qd2 Qxc4+ 28. Qe2 Qa4 29. Nd2 Ng4 30. b3 Qd4 31. Nc4 Rxc4 32. Rxd4 Rc1+ 33. Rd1 Rxd1+ 34. Qxd1 Ne3+ 35. Kxf2 Nxd1+ 36. Rxd1 1-0

[Event "Madrid San Viator op 21st"]
[Site "Madrid"]
[Date "2013.09.29"]
[Round "1"]
[White "Tevar Sanz, Gonzalo"]
[Black "Lobato Rivero, Carlos"]
[Result "1-0"]
[WhiteElo "1836"]
[BlackElo "2007"]
[PlyCount "84"]
[EventDate "2013.09.29"]
[EventType "swiss"]
[EventRounds "9"]
[EventCountry "ESP"]
[SourceTitle "EXT 2015"]
[Source "ChessBase"]
[SourceDate "2014.11.20"]
[SourceVersion "1"]
[SourceVersionDate "2014.11.20"]
[SourceQuality "1"]

1. d4 Nf6 2. Bf4 g6 3. e3 Bg7 4. Nf3 0-0 5. h3 b6 6. Be2 Bb7 7. 0-0 d6 8. Bh2 c5 9. c3 Nbd7 10. Nbd2 Rc8 11. Qa4 a6 12. Rac1 b5 13. Qb3 c4 14. Qc2 d5 15. Ne5 Nxe5 16. Bxe5 Nd7 17. Bxg7 Kxg7 18. f4 f5 19. Nf3 h6 20. Kh2 Qb6 21. a3 a5 22. g4 fxg4 23. hxg4 Qe6 24. Nh4 Rc6 25. Rf3 Qf6 26. Rh3 Bc8 27. f5 g5 28. Ng6 Re8 29. Kg2 e6 30. Rch1 exf5 31. Rxh6 Nf8 32. Ne5 Qxh6 33. Rxh6 Rxh6 34. gxf5 Nd7 35. Ng4 Rh4 36. Bf3 Nf6 37. Ne5 Reh8 38. Kg1 g4 39. Qg2 Rh2 40. Qg3 R8h3 41. Qf4 gxf3 42. Qg5+ Kh7 1-0

[Event "Collado Villalba op 30th"]
[Site "Collado Villalba"]
[Date "2013.08.29"]
[Round "7"]
[White "Tevar Sanz, Gonzalo"]
[Black "Labrador Cabello, Emmanuel"]
[Result "0-1"]
[WhiteElo "1836"]
[BlackElo "1880"]
[PlyCount "86"]
[EventDate "2013.08.23"]
[EventType "swiss"]
[EventRounds "9"]
[EventCountry "ESP"]
[SourceTitle "CBM 156 Extra"]
[Source "ChessBase"]
[SourceDate "2013.10.22"]
[SourceVersion "1"]
[SourceVersionDate "2013.10.22"]
[SourceQuality "1"]

1. e4 e6 2. d4 d5 3. e5 c5 4. c3 Qb6 5. Nf3 Bd7 6. Bd3 Bb5 7. 0-0 Bxd3 8. Qxd3 Nh6 9. Ng5 g6 10. dxc5 Qxc5 11. Be3 Qc4 12. Qxc4 dxc4 13. Nd2 b5 14. a4 Nc6 15. axb5 Nxe5 16. f4 Neg4 17. Bxa7 Rxa7 18. Nxc4 Rxa1 19. Rxa1 f5 20. b6 Kd7 21. Na5 Bc5+ 22. Kf1 Bxb6 23. Nc4 Ne3+ 24. Nxe3 Bxe3 25. g3 e5 26. Ra4 exf4 27. gxf4 Kc6 28. Rc4+ Kd5 29. Rb4 Ng4 30. h3 Nf6 31. b3 Nh5 32. c4+ Kd4 33. Rb7 Nxf4 34. h4 Ra8 35. Nf3+ Ke4 36. Ng5+ Kd3 37. Rd7+ Kc2 38. Nf3 Ra1+ 39. Ne1+ Kxb3 40. h5 Kc3 41. hxg6 hxg6 42. c5 Bd2 43. Re7 Rxe1+ 0-1

[Event "Collado Villalba op 30th"]
[Site "Collado Villalba"]
[Date "2013.08.24"]
[Round "2"]
[White "Tevar Sanz, Gonzalo"]
[Black "Plazuelo Pascual, Juan"]
[Result "0-1"]
[WhiteElo "1836"]
[BlackElo "1962"]
[PlyCount "48"]
[EventDate "2013.08.23"]
[EventType "swiss"]
[EventRounds "9"]
[EventCountry "ESP"]
[SourceTitle "CBM 156 Extra"]
[Source "ChessBase"]
[SourceDate "2013.10.22"]
[SourceVersion "1"]
[SourceVersionDate "2013.10.22"]
[SourceQuality "1"]

1. d4 c5 2. Bf4 cxd4 3. Bxb8 Rxb8 4. Qxd4 b6 5. e4 Bb7 6. Nc3 e6 7. Nb5 a6 8. Nd6+ Bxd6 9. Qxd6 Bxe4 10. Qd4 Nf6 11. f3 Bb7 12. Qd6 Rc8 13. 0-0-0 Qc7 14. Qxc7 Rxc7 15. Nh3 Nd5 16. Rd2 Ke7 17. Ng5 h6 18. Ne4 f5 19. Ng3 Rhc8 20. c3 Ne3 21. Bd3 f4 22. Nf1 Nd5 23. Re2 b5 24. Nd2 Nxc3 0-1